transport phenomena
Αποθηκεύτηκε σε:
| Κύριος συγγραφέας: | |
|---|---|
| Μορφή: | Βιβλίο |
| Γλώσσα: | Undetermined |
| Έκδοση: |
Singapore
John Wiley & Sons
1994
|
| Ετικέτες: |
Προσθήκη ετικέτας
Δεν υπάρχουν, Καταχωρήστε ετικέτα πρώτοι!
|
| Thư viện lưu trữ: | Trung tâm Học liệu Trường Đại học Cần Thơ |
|---|
| LEADER | 00484nam a2200181Ia 4500 | ||
|---|---|---|---|
| 001 | CTU_65578 | ||
| 008 | 210402s9999 xx 000 0 und d | ||
| 020 | |b 98000 | ||
| 082 | |a 660.281 | ||
| 082 | |b B618 | ||
| 100 | |a R. Byron Bird | ||
| 245 | 0 | |a transport phenomena | |
| 260 | |a Singapore | ||
| 260 | |b John Wiley & Sons | ||
| 260 | |c 1994 | ||
| 526 | |a Truyền vận 2,Truyền vận 1 | ||
| 526 | |b CN625,CN624 | ||
| 980 | |a Trung tâm Học liệu Trường Đại học Cần Thơ | ||